000 00613nam a2200217Ia 4500
005 20241129111156.0
008 241129s9999||||xx |||||||||||||| ||und||
020 _a978-0-262-04738-8
037 _aTB
040 _aCRL
_beng
_cCRL
041 _aeng
_2eng
084 _aX:87:(Y15) R3
_qCRL
100 _aGeffner Carol J. Au.
_9723529
245 0 _aBuilding a new leadership ladder
_cGeffner Carol J. Au.
260 _aCambridge, UK
_bMIT press
_c2023
300 _axiv,185p.
365 _aUSD
_b29.95
650 _aEconomicsManagement
942 _cTB
_hX:87:(Y15) R3
999 _c1229262
_d1229262